000 00322nam a2200133Ia 4500
005 20260326100042.0
008 260326s9999||||xx |||||||||||||| ||und||
100 _aGauthier, Joseph
245 0 _aHistoria Gráfica del Arte /
_cJoseph Gauthier
260 _bVictor Leru
300 _a286 p.
650 _aARTE
942 _cBK
999 _c7050
_d7050